|
|
|
|
| LEADER |
00000nab a2200000ua 4500 |
| 001 |
vtls010785750 |
| 003 |
SK-MaSNL |
| 005 |
20260303102626.0 |
| 008 |
230121s2008 xo |||||||||||||||||slo| |
| 035 |
|
|
|a (urnnbn)urn:nbn:sk:snk:ar-a035q9
|
| 035 |
|
|
|a (uuid)d0eca990-1e97-4167-85ef-3e22abba54d0
|
| 035 |
|
|
|a urn:nbn:sk:snk-ab4qb6
|
| 040 |
|
|
|a SNKBUCL
|b slo
|c SNKBUCL
|e AACR2
|
| 041 |
0 |
|
|a slo
|
| 044 |
|
|
|a xo
|c SK
|
| 100 |
1 |
|
|a Hulín, Ivan,
|d 1938-
|4 aut
|9 196653
|
| 245 |
1 |
0 |
|a Obezita, tukové tkanivo a zápal
|c I. Hulín, M. Ferenčík
|
| 700 |
1 |
|
|a Ferenčík, Miroslav,
|d 1932-2014
|4 aut
|9 189088
|
| 773 |
0 |
|
|t Medicínsky monitor
|g Č. 4 (2008), s. [1]-6
|
| 954 |
|
|
|a odborná, vedecká literatúra pôvodná (slovenská)
|2 lita
|
| 958 |
|
|
|a OND
|
| 958 |
|
|
|a EUIPO
|
| 958 |
|
|
|a article3
|
| 999 |
|
|
|c 1843697
|d 1845627
|